000 00536nam a2200193Ia 4500
005 20250326142213.0
008 250326s9999 xx 000 0 und d
020 _a0 19 565560 5
037 _aTextbook
040 _aFMSL
_beng
_cFMSL
041 _aeng
_2eng
084 _aX:(G:55) P1
_qFMSL
100 _aSankar U
_9397673
245 0 _aEnvironmental economics
_cSankar U
260 _aNew Delhi
_bNew Delhi, Oxford University Press
_c2001
300 _a469p
942 _cTB
_hX:(G:55) P1
999 _c1293922
_d1293922